01827nam a2200313 i 4500003000900000005001700009007000300026008004100029020001800070040003000088082001300118110008200131245012100213264007700334300003700411336002700448337003300475338002800508500023400536590002700770910001400797942001300811952013200824952013800956952013601094952013401230952013201364999001701496DO-SdBNP20231002113058.0ta140217s2021 dr d 000 0 spa d a9789945621471 aDO-SdBNPbspacBNPHUerda bR426222 aRepública Dominicana9447bSecretaria de Salud Publica y Asistencia Social 10aManual para la prevención y el control de infecciones por tuberculosis con énfasis en trabajadores de la salud / 1aSanto Domingo :bSecretaria de Salud Publica y Asistencia Social,c2021. a32 páginasc22 cm.bgráficas 2rdacontentatextobtxt 2rdamediaasin mediaciónbn 2rdacarrieravolumenbnc aEsta publicación fue realizada con el apoyo del Fondo Mundial de Lucha contra el Sida. La tuberculosis y la malaria a través de la Unidad Ejecutora de Proyectos del Fondo Mundial y la Organización Panamericana de la Salud.  aInventariado, 2023/ YL aYLockward 2ddccLF2 00102ddc51708DS-FaBNPHUbBNPHUcCTd2022-11-15eDeposito Legall0oBNPHU F-PD R426p2023-6572r2023-10-02w2023-10-02yLF2 00102ddc51708DS-FaBNPHUbBNPHUcCTd2022-11-15eDeposito Legall0oBNPHU F-PD R426p2023-6573r2023-10-02te. 2w2023-10-02yLF2 00102ddc56708DSaBNPHUbBNPHUcCTd2022-11-15eDeposito Legall0oBNPHU F-DS R426p2023-6574r2023-10-02te. 3w2023-10-02yLF2 00102ddc56708DSaBNPHUbBNPHUcCTd2024-07-16eDonación Salud Publical0oBNPHU F-DS R426p2024-4933r2024-08-20te. 4yLF2 00102ddc56708DSaBNPHUbBNPHUcCTd2024-07-16eDonacion Salud Publical0oBNPHU F-DS R426p2024-4934r2024-08-20te. 5yLF2 c55030d55030